[Event "Druga liga CS-Istok 2007"]
[Site "Prolom Banja"]
[Date "2007.09.23"]
[Round "3.2"]
[White "Kostic, Nebojsa"]
[Black "Biljanic, Ljubomir"]
[Result "1-0"]
[WhiteElo "2333"]
[BlackElo "2290"]
[PlyCount "64"]
[EventDate "2007.09.09"]

1. c4 Nf6 2. Nc3 e5 3. g3 Nc6 4. Bg2 g6 5. Rb1 Bg7 6. b4 O-O 7. d3 h6 8. Nf3 d6
9. O-O Be6 10. b5 Ne7 11. a4 Nd7 12. Ba3 f5 13. Qb3 Nf6 14. Qb4 b6 15. Nxe5 a5
16. bxa6 Rxa6 17. Nc6 Nxc6 18. Bxc6 f4 19. Bg2 Ra5 20. Nb5 Bg4 21. Rfe1 Nd7 22.
Qb3 Nc5 23. Qc2 h5 24. Bb4 Ra6 25. h3 Bd7 26. Bc3 Bxc3 27. Qxc3 Nxa4 28. Qd2
Nc5 29. gxf4 Qh4 30. Qe3 Bxb5 31. cxb5 Ra3 32. Rb4 Qf6 1-0

[Event "Druga liga CS-Istok 2007"]
[Site "Prolom Banja"]
[Date "2007.09.23"]
[Round "3.2"]
[White "Kulak, Dejan"]
[Black "Djokic, Vladan"]
[Result "0-1"]
[WhiteElo "2280"]
[BlackElo "2282"]
[PlyCount "44"]
[EventDate "2007.09.09"]

1. e4 c5 2. Nf3 e6 3. c3 Nf6 4. e5 Nd5 5. d4 cxd4 6. cxd4 d6 7. Nc3 Nxc3 8.
bxc3 Nc6 9. exd6 Bxd6 10. Bd3 h6 11. O-O O-O 12. Re1 Qc7 13. Qe2 Bd7 14. Ne5
Bxe5 15. dxe5 f5 16. Ba3 Rfe8 17. Bd6 Qd8 18. Rab1 Na5 19. c4 b6 20. c5 bxc5
21. Bxc5 Bc6 22. Red1 Qd5 0-1

[Event "Druga liga CS-Istok 2007"]
[Site "Prolom Banja"]
[Date "2007.09.23"]
[Round "3.2"]
[White "Kajganovic, Miodrag"]
[Black "Pantic, Milivoje"]
[Result "1-0"]
[WhiteElo "2271"]
[BlackElo "2161"]
[PlyCount "59"]
[EventDate "2007.09.09"]

1. e4 e5 2. Nc3 Nf6 3. Nf3 Nc6 4. g3 Bc5 5. Bg2 d6 6. O-O O-O 7. d3 a6 8. Be3
Bxe3 9. fxe3 Ng4 10. Qd2 Be6 11. Nh4 Ne7 12. h3 Nh6 13. d4 f6 14. Rf2 b5 15.
Nf5 Nf7 16. Nb1 c6 17. Qd3 Qc7 18. Nd2 Rfe8 19. a4 Rad8 20. c4 b4 21. Nb3 c5
22. d5 Bxf5 23. exf5 e4 24. Bxe4 Ne5 25. Qe2 Nc8 26. Bc2 Qd7 27. Raf1 Nb6 28.
Nd2 h6 29. b3 Qf7 30. Rf4 1-0

[Event "Druga liga CS-Istok 2007"]
[Site "Prolom Banja"]
[Date "2007.09.23"]
[Round "3.2"]
[White "Vulicevic, Bratimir"]
[Black "Zivkovic, Branimir"]
[Result "1/2-1/2"]
[WhiteElo "2169"]
[BlackElo "2220"]
[PlyCount "51"]
[EventDate "2007.09.09"]

1. d4 Nf6 2. Nf3 g6 3. g3 Bg7 4. Bg2 O-O 5. O-O d6 6. c4 c5 7. Nc3 cxd4 8. Nxd4
Qc7 9. b3 Nc6 10. Bb2 Bd7 11. Rc1 Nxd4 12. Qxd4 Bc6 13. Qd2 Bxg2 14. Kxg2 Qc6+
15. f3 Rfc8 16. e4 a6 17. Nd5 Nxd5 18. cxd5 Qd7 19. Bxg7 Kxg7 20. Rc3 f6 21.
Rfc1 Rxc3 22. Qxc3 Kf7 23. g4 h5 24. h3 hxg4 25. hxg4 Rh8 26. Qc7 1/2-1/2

[Event "Druga liga CS-Istok 2007"]
[Site "Prolom Banja"]
[Date "2007.09.23"]
[Round "3.2"]
[White "Keca, Dragomir"]
[Black "Djukic, Stevan"]
[Result "1-0"]
[WhiteElo "2213"]
[BlackElo "2175"]
[PlyCount "65"]
[EventDate "2007.09.09"]

1. c4 e5 2. Nc3 Nf6 3. Nf3 Nc6 4. g3 Bb4 5. Bg2 O-O 6. O-O Bxc3 7. bxc3 Re8 8.
d3 e4 9. Ng5 exd3 10. exd3 h6 11. Ne4 Nxe4 12. Bxe4 d6 13. Bf4 Ne5 14. Qb3 Nd7
15. Be3 c6 16. Rfe1 Nf6 17. Bg2 Qc7 18. Bf4 b6 19. Qa3 Rd8 20. d4 Nh5 21. Bd2
Rb8 22. Bf3 Nf6 23. c5 bxc5 24. dxc5 g5 25. c4 Qd7 26. Ba5 Rf8 27. cxd6 Qh3 28.
Bg2 Qf5 29. Bc3 Nd7 30. Qxa7 c5 31. Be4 Qh3 32. Rad1 Rb6 33. Qa3 1-0

[Event "Druga liga CS-Istok 2007"]
[Site "Prolom Banja"]
[Date "2007.09.23"]
[Round "3.2"]
[White "Radosavljevic, Novica"]
[Black "Stankovic, Dejan"]
[Result "0-1"]
[WhiteElo "2116"]
[BlackElo "2226"]
[PlyCount "48"]
[EventDate "2007.09.09"]

1. Nf3 d5 2. c4 c6 3. b3 Nf6 4. g3 Bg4 5. Bg2 Nbd7 6. Bb2 e6 7. O-O Bc5 8. d3
O-O 9. Nbd2 Qe7 10. a3 a5 11. Ra2 e5 12. cxd5 cxd5 13. Nxe5 Nxe5 14. d4 Nd3 15.
dxc5 Bxe2 16. Bxf6 gxf6 17. Qb1 Bxf1 18. Nxf1 Nxc5 19. Bxd5 Rad8 20. Ne3 Qe5
21. Rd2 Ne4 22. Rd3 Nc3 23. Qc2 Nxd5 24. Qd2 Nxe3 0-1

[Event "Druga liga CS-Istok 2007"]
[Site "Prolom Banja"]
[Date "2007.09.23"]
[Round "3.3"]
[White "Stojanovic, Zlatko"]
[Black "Terzic, Goran"]
[Result "1-0"]
[WhiteElo "2225"]
[BlackElo "2305"]
[PlyCount "91"]
[EventDate "2007.09.09"]

1. e4 Nc6 2. Nf3 d6 3. h3 e5 4. Bc4 Be7 5. Nc3 Nf6 6. d3 Na5 7. O-O O-O 8. Re1
Nxc4 9. dxc4 Be6 10. b3 Nd7 11. Nd5 f5 12. exf5 Bxf5 13. Nd4 Bh4 14. Nxf5 Rxf5
15. Be3 Bg5 16. Qg4 g6 17. Bxg5 Rxg5 18. Qxd7 Qxd7 19. Nf6+ Kf7 20. Nxd7 Ke6
21. Nxe5 Rxe5 22. f4 Rxe1+ 23. Rxe1+ Kf6 24. g4 a5 25. Kf2 a4 26. Re2 c6 27.
Kf3 b5 28. g5+ Kf7 29. cxb5 cxb5 30. f5 gxf5 31. Kf4 Rc8 32. Kxf5 Rc3 33. Kg4
a3 34. h4 d5 35. h5 d4 36. Rf2+ Kg8 37. h6 d3 38. cxd3 Rxd3 39. Rc2 Rd1 40.
Rc8+ Kf7 41. Rc7+ Kg8 42. Rg7+ Kf8 43. Rxh7 Rd2 44. Ra7 Rxa2 45. Ra8+ Kf7 46.
h7 1-0

[Event "Druga liga CS-Istok 2007"]
[Site "Prolom Banja"]
[Date "2007.09.23"]
[Round "3.3"]
[White "Zivic, Dragan"]
[Black "Ilcic, Radoslav"]
[Result "1/2-1/2"]
[WhiteElo "2307"]
[BlackElo "2201"]
[PlyCount "120"]
[EventDate "2007.09.09"]

1. e4 e5 2. Nf3 Nc6 3. d4 exd4 4. Nxd4 Bc5 5. Be3 Qf6 6. c3 Nge7 7. Bc4 Qg6 8.
O-O Qxe4 9. Nd2 Qg6 10. Nxc6 Qxc6 11. Bxf7+ Kxf7 12. Qh5+ g6 13. Qxc5 Qxc5 14.
Bxc5 d6 15. Bd4 Re8 16. c4 Bd7 17. Nf3 Nf5 18. Ng5+ Kg8 19. Bc3 h6 20. Nf3 Bc6
21. Nd4 Nxd4 22. Bxd4 Re4 23. Rad1 Rae8 24. f3 Re2 25. Rf2 Re1+ 26. Rxe1 Rxe1+
27. Rf1 Re2 28. Rc1 a6 29. Kf1 Re7 30. Kf2 Kf7 31. Be3 g5 32. h4 Kg6 33. Rd1
Rf7 34. Rd4 Bd7 35. hxg5 hxg5 36. c5 dxc5 37. Rd5 g4 38. Rxc5 gxf3 39. gxf3 Bc6
40. Rg5+ Kf6 41. f4 Rh7 42. Bd4+ Ke6 43. Bc3 Rh3 44. f5+ Kd6 45. f6 Rh2+ 46.
Ke3 Rh3+ 47. Kf4 Rf3+ 48. Kg4 Rf1 49. Kh5 Bd5 50. a3 Bb3 51. Kg6 c5 52. Kg7 b6
53. Be5+ Kc6 54. Rg6 Kb5 55. Bc7 Rf3 56. Bxb6 Bc2 57. Rh6 Rg3+ 58. Kh8 Bb3 59.
Bc7 Rg8+ 60. Kh7 Rg2 1/2-1/2

[Event "Druga liga CS-Istok 2007"]
[Site "Prolom Banja"]
[Date "2007.09.23"]
[Round "3.3"]
[White "Batanjac, Aleksandar"]
[Black "Savic, Goran Lj"]
[Result "1-0"]
[WhiteElo "2147"]
[BlackElo "2136"]
[PlyCount "75"]
[EventDate "2007.09.09"]

1. e4 e6 2. d4 d5 3. Nc3 Bb4 4. e5 c5 5. a3 Bxc3+ 6. bxc3 Nc6 7. Qg4 Nge7 8.
Nf3 g6 9. Qf4 h6 10. h4 Nf5 11. g4 Ng7 12. Bd3 h5 13. Ng5 Qe7 14. f3 Bd7 15.
Be3 c4 16. Be2 b5 17. Kf2 Rb8 18. Kg3 O-O 19. Nh3 f6 20. Qh6 fxe5 21. Ng5 Nf5+
22. gxf5 exf5 23. Qxg6+ Qg7 24. Qxg7+ Kxg7 25. dxe5 Nxe5 26. f4 Ng4 27. Bd4+
Kg6 28. Bf3 Bc6 29. Rhe1 Rfe8 30. Re6+ Rxe6 31. Nxe6 Re8 32. Re1 Nf6 33. Re2
Ne4+ 34. Bxe4 fxe4 35. f5+ Kf7 36. Kf4 Rg8 37. Ng5+ Ke8 38. f6 1-0

[Event "Druga liga CS-Istok 2007"]
[Site "Prolom Banja"]
[Date "2007.09.23"]
[Round "3.3"]
[White "Jovanovic, Milan D"]
[Black "Marinkovic, Vojkan"]
[Result "1-0"]
[WhiteElo "2020"]
[BlackElo "2065"]
[PlyCount "87"]
[EventDate "2007.09.09"]

1. d4 e6 2. c4 b6 3. Nc3 Bb7 4. Nf3 f5 5. Bg5 Be7 6. Bxe7 Qxe7 7. Qc2 Nf6 8. e3
O-O 9. Be2 d6 10. O-O-O Nbd7 11. h3 Ne4 12. Bd3 Ndf6 13. Kb1 a6 14. Ka1 Nxc3
15. Qxc3 Ne4 16. Qc2 Qf6 17. Rhf1 c5 18. Be2 cxd4 19. Nxd4 Rac8 20. Qb3 Nc5 21.
Qxb6 e5 22. Nf3 Rc6 23. Qa5 Rb8 24. Rd2 Ba8 25. Qa3 Rcb6 26. Bd1 Rb4 27. b3 a5
28. Qxa5 Bxf3 29. gxf3 e4+ 30. Rd4 Ne6 31. Qd5 Kh8 32. Qxd6 Rd8 33. Qxb4 Rxd4
34. Kb1 Rd8 35. Bc2 exf3 36. Rd1 h6 37. Rxd8+ Qxd8 38. Bxf5 Ng5 39. Kc2 Nf7 40.
Qb7 Nd6 41. Qd7 Qf6 42. Bd3 g6 43. a4 Nf7 44. a5 1-0

[Event "Druga liga CS-Istok 2007"]
[Site "Prolom Banja"]
[Date "2007.09.23"]
[Round "3.3"]
[White "Minic, Ivan"]
[Black "Zivkovic, Rajko"]
[Result "0-1"]
[WhiteElo "2122"]
[BlackElo "2246"]
[PlyCount "79"]
[EventDate "2007.09.09"]

1. d4 d5 2. Nf3 Bg4 3. c4 Bxf3 4. gxf3 dxc4 5. e3 c5 6. Bxc4 cxd4 7. Qb3 e6 8.
Qxb7 Nd7 9. exd4 Rc8 10. Nd2 Ngf6 11. O-O Bd6 12. Bd3 O-O 13. Ne4 Rb8 14. Qc6
Rb6 15. Qc2 Qb8 16. Nxd6 Qxd6 17. Be3 Rc6 18. Qd2 Nd5 19. Rfc1 Rb6 20. b3 f5
21. f4 N7f6 22. Rc5 Nh5 23. Rac1 Nhxf4 24. Bxf4 Nxf4 25. Qe3 h6 26. Re5 Nxd3
27. Qxd3 Rf6 28. Rc8+ Kh7 29. Re3 Rb7 30. Qc4 Rb4 31. Rc6 Qb8 32. Qc3 Rb6 33.
Rg3 Rxc6 34. Qxc6 Qb4 35. Qd7 Qe1+ 36. Kg2 Qe4+ 37. Kg1 Rg6 38. Rxg6 Kxg6 39.
Qd6 f4 40. Qe5 0-1

[Event "Druga liga CS-Istok 2007"]
[Site "Prolom Banja"]
[Date "2007.09.23"]
[Round "3.4"]
[White "Djokic, Nebojsa"]
[Black "Kolbert, Engelbert"]
[Result "1/2-1/2"]
[WhiteElo "2252"]
[BlackElo "2167"]
[PlyCount "68"]
[EventDate "2007.09.09"]

1. e4 c5 2. Nf3 d6 3. c3 Nf6 4. Bd3 e5 5. Bc2 Nc6 6. d4 cxd4 7. cxd4 Bg4 8. d5
Nd4 9. Nc3 a6 10. Be3 Nxc2+ 11. Qxc2 b5 12. Nd2 Be7 13. f3 Bd7 14. Qb3 Rb8 15.
a3 O-O 16. O-O Nh5 17. Ne2 Bg5 18. g4 Bxe3+ 19. Qxe3 Nf6 20. b4 h5 21. g5 Nh7
22. h4 g6 23. Kh2 f6 24. Rg1 fxg5 25. hxg5 Qe7 26. Rac1 Rbc8 27. Rxc8 Bxc8 28.
Nb3 Qd7 29. Kg2 Qh3+ 30. Kf2 h4 31. Rg2 Qh1 32. Rg1 Qh3 33. Rg2 Qh1 34. Rg1 Qh3
1/2-1/2

[Event "Druga liga CS-Istok 2007"]
[Site "Prolom Banja"]
[Date "2007.09.23"]
[Round "3.4"]
[White "Stojanovic, Ivan"]
[Black "Madjar, Stanislav"]
[Result "1/2-1/2"]
[WhiteElo "2176"]
[BlackElo "2176"]
[PlyCount "94"]
[EventDate "2007.09.09"]

1. e4 Nf6 2. Nc3 d5 3. exd5 Nxd5 4. Bc4 e6 5. Nf3 Be7 6. O-O O-O 7. d4 b6 8.
Bxd5 exd5 9. Re1 Be6 10. Ne5 Bf6 11. Bf4 Bxe5 12. Bxe5 Nd7 13. Bg3 c6 14. Qd3
Qf6 15. Be5 Qf5 16. Qd2 Rfe8 17. Re3 Nxe5 18. Rxe5 Qf6 19. Rae1 Bd7 20. Rxe8+
Rxe8 21. Rxe8+ Bxe8 22. Ne2 Qf5 23. Nf4 Bd7 24. Nd3 f6 25. Qf4 Qxf4 26. Nxf4
Bf5 27. c3 g5 28. Ne2 Bd3 29. Kf1 Kf7 30. Ke1 Ke6 31. Nc1 Bb1 32. f3 f5 33. Kf2
f4 34. a3 a5 35. Ne2 Kf5 36. Nc1 Ke6 37. Ne2 Bd3 38. Nc1 Bc2 39. Ne2 h5 40. h4
Kf6 41. hxg5+ Kxg5 42. Ng1 Bf5 43. Ne2 Bd7 44. Nc1 Bf5 45. Ne2 h4 46. Ng1 Bc8
47. Nh3+ Kf5 1/2-1/2

[Event "Druga liga CS-Istok 2007"]
[Site "Prolom Banja"]
[Date "2007.09.23"]
[Round "3.4"]
[White "Kostic, Dalibor"]
[Black "Stojanovic, Dusan"]
[Result "1/2-1/2"]
[WhiteElo "2053"]
[BlackElo "2176"]
[PlyCount "58"]
[EventDate "2007.09.09"]

1. e4 e6 2. d4 d5 3. Nc3 dxe4 4. Nxe4 b6 5. Nf3 Bb7 6. Bd3 Nf6 7. Bg5 Nbd7 8.
Qe2 Be7 9. Bxf6 Nxf6 10. Neg5 Nd5 11. Qd2 Bxg5 12. Nxg5 h6 13. Nf3 Qf6 14. Be4
O-O-O 15. c4 Nf4 16. Bxb7+ Kxb7 17. O-O Qf5 18. Qe3 Qg4 19. g3 Nh3+ 20. Kg2 Ng5
21. Rad1 Qxf3+ 22. Qxf3+ Nxf3 23. Kxf3 Rd6 24. Ke4 Rhd8 25. b4 c6 26. a4 f6 27.
f4 R8d7 28. g4 Kc7 29. h4 Kd8 1/2-1/2

[Event "Druga liga CS-Istok 2007"]
[Site "Prolom Banja"]
[Date "2007.09.23"]
[Round "3.5"]
[White "Radosavljevic, Slobodan D"]
[Black "Brankovic, Dejan"]
[Result "1/2-1/2"]
[WhiteElo "2247"]
[BlackElo "2395"]
[PlyCount "32"]
[EventDate "2007.09.09"]

1. c4 Nf6 2. g3 g6 3. Bg2 Bg7 4. Nf3 O-O 5. O-O c5 6. Nc3 Nc6 7. d4 cxd4 8.
Nxd4 Ng4 9. e3 d6 10. h3 Nxd4 11. exd4 Nh6 12. g4 f5 13. g5 Nf7 14. f4 e6 15.
Be3 Bd7 16. Qb3 Bc6 1/2-1/2

[Event "Druga liga CS-Istok 2007"]
[Site "Prolom Banja"]
[Date "2007.09.23"]
[Round "3.5"]
[White "Zlatanovic, Boroljub"]
[Black "Markovic, Milan"]
[Result "0-1"]
[WhiteElo "2371"]
[BlackElo "2325"]
[PlyCount "72"]
[EventDate "2007.09.09"]

1. g3 g6 2. Bg2 Bg7 3. Nf3 Nf6 4. c4 d6 5. Nc3 O-O 6. O-O e5 7. d3 Re8 8. Rb1
a5 9. a3 c6 10. e4 h6 11. Ne1 Na6 12. f4 Qb6+ 13. Kh1 Ng4 14. Qf3 exf4 15. Qxf4
Be6 16. Nd1 h5 17. Qf3 Qb3 18. Bd2 Nc5 19. Nf2 Ra6 20. Nxg4 hxg4 21. Qe2 Na4
22. Rf2 Rea8 23. Bf1 Rb6 24. Be3 c5 25. Qc2 Raa6 26. Ng2 Qxc2 27. Rxc2 Rb3 28.
Nf4 Rab6 29. Bc1 Rxa3 30. b4 Rc3 31. Ra2 Rxb4 32. Rxb4 cxb4 33. Ne2 b5 34. Nxc3
Bxc3 35. Bf4 b3 36. Rc2 b2 0-1

[Event "Druga liga CS-Istok 2007"]
[Site "Prolom Banja"]
[Date "2007.09.23"]
[Round "3.5"]
[White "Popovic, Djordje D"]
[Black "Stankovic, Nemanja"]
[Result "1-0"]
[WhiteElo "2262"]
[BlackElo "2085"]
[PlyCount "79"]
[EventDate "2007.09.09"]

1. e4 e6 2. d4 d5 3. e5 c5 4. Qg4 Qa5+ 5. Nc3 cxd4 6. Qxd4 Nc6 7. Bb5 Qxb5 8.
Nxb5 Nxd4 9. Nxd4 Bd7 10. Be3 Ne7 11. f4 Rc8 12. Ngf3 a6 13. O-O-O Nc6 14. g4
h5 15. h3 Nxd4 16. Bxd4 Bb5 17. Kd2 g6 18. c3 Bg7 19. Rde1 hxg4 20. hxg4 Ke7
21. Bf2 Rxh1 22. Rxh1 Rh8 23. Rxh8 Bxh8 24. Bh4+ f6 25. Ke3 Kf7 26. exf6 Bxf6
27. Bxf6 Kxf6 28. g5+ Kf5 29. Nd4+ Kg4 30. Nxe6 Bc6 31. Nd4 Bd7 32. Nf3 Bf5 33.
Ne5+ Kg3 34. Nf7 Bb1 35. a3 a5 36. Nd6 b6 37. Nc8 b5 38. Nd6 b4 39. axb4 axb4
40. cxb4 1-0

[Event "Druga liga CS-Istok 2007"]
[Site "Prolom Banja"]
[Date "2007.09.23"]
[Round "3.6"]
[White "Vojinovic, Goran"]
[Black "Raicevic, Ivica"]
[Result "1-0"]
[WhiteElo "2463"]
[BlackElo "2323"]
[PlyCount "97"]
[EventDate "2007.09.09"]

1. c4 Nf6 2. g3 c5 3. Bg2 e6 4. Nf3 a6 5. Nc3 b6 6. d4 cxd4 7. Qxd4 Bc5 8. Qf4
Bb7 9. O-O Be7 10. Rd1 d6 11. Qd4 Nbd7 12. Bg5 O-O 13. Qd2 Qc7 14. Rac1 Rfd8
15. b3 Rac8 16. Bf4 Nf8 17. Qe3 Ng6 18. Bg5 h6 19. Bxf6 Bxf6 20. Na4 Bxf3 21.
exf3 Rb8 22. Nc3 Be7 23. f4 Qc5 24. Qd3 Qa5 25. a4 Nf8 26. f5 Qb4 27. fxe6 fxe6
28. Ne2 b5 29. cxb5 axb5 30. Nd4 Rb6 31. Nc6 Rxc6 32. Bxc6 bxa4 33. bxa4 d5 34.
Qb5 Qg4 35. a5 Ng6 36. Qa4 Qxa4 37. Bxa4 Ra8 38. Bc2 Ne5 39. Ra1 Bf6 40. Ra2
Nc6 41. Bg6 Rxa5 42. Rxa5 Nxa5 43. Re1 e5 44. Rd1 d4 45. Be4 Kf8 46. Bd5 d3 47.
Rxd3 Bd8 48. Kg2 Ke7 49. Kf3 1-0

[Event "Druga liga CS-Istok 2007"]
[Site "Prolom Banja"]
[Date "2007.09.23"]
[Round "3.6"]
[White "Bura, Goran"]
[Black "Milosevic, Aleksandar"]
[Result "0-1"]
[WhiteElo "2263"]
[BlackElo "2287"]
[PlyCount "78"]
[EventDate "2007.09.09"]

1. d4 Nf6 2. c4 e6 3. Nc3 Bb4 4. Nf3 d5 5. cxd5 exd5 6. Bg5 Nbd7 7. e3 O-O 8.
Bd3 c5 9. O-O c4 10. Bf5 Bxc3 11. bxc3 Qa5 12. Qc2 Re8 13. Nd2 g6 14. Bh3 Ne4
15. Nxe4 dxe4 16. Bxd7 Bxd7 17. Bf4 Qd5 18. a4 a5 19. Rfb1 Re6 20. Qb2 Bc6 21.
h3 g5 22. Bg3 h5 23. Qb6 h4 24. Bh2 Rg6 25. Qc5 Qd7 26. Qxc4 g4 27. hxg4 Qxg4
28. Qf1 Kh7 29. Bf4 Rag8 30. Kh1 Qh5 31. Qd1 Qf5 32. Qf1 Rxg2 33. Qxg2 Rxg2 34.
Kxg2 Qg4+ 35. Kh2 Bd7 36. Rxb7 Qh3+ 37. Kg1 Bg4 38. Be5 Bf3 39. Rxf7+ Kg8 0-1

[Event "Druga liga CS-Istok 2007"]
[Site "Prolom Banja"]
[Date "2007.09.23"]
[Round "3.6"]
[White "Jevtic, Sasa"]
[Black "Turudic, Nenad"]
[Result "0-1"]
[WhiteElo "2162"]
[BlackElo "2232"]
[PlyCount "89"]
[EventDate "2007.09.09"]

1. d4 Nf6 2. Nf3 e6 3. c4 c5 4. Nc3 cxd4 5. Nxd4 Nc6 6. Ndb5 Bb4 7. a3 Bxc3+ 8.
Nxc3 d5 9. e3 O-O 10. Be2 dxc4 11. Qxd8 Rxd8 12. Bxc4 Ne5 13. Be2 b6 14. O-O
Bb7 15. a4 a6 16. Ra3 Rd6 17. Rb3 Nfd7 18. Rb4 Rc8 19. f4 Nd3 20. Rd4 Rxd4 21.
exd4 Nxc1 22. Rxc1 Nf6 23. Rd1 h5 24. g3 g6 25. Kf2 Ng4+ 26. Bxg4 hxg4 27. Ke3
Kg7 28. d5 exd5 29. Rd4 a5 30. Kd3 Ba6+ 31. Ke3 Re8+ 32. Kd2 Rh8 33. Nxd5 Rxh2+
34. Kc3 Rg2 35. Ne3 Rxg3 36. Kd2 Bc8 37. b4 Rh3 38. bxa5 bxa5 39. Ke2 Rh2+ 40.
Kf1 g3 41. Kg1 Bb7 42. Nd5 Ra2 43. Kf1 Bxd5 44. Rxd5 Rxa4 45. f5 0-1

[Event "Druga liga CS-Istok 2007"]
[Site "Prolom Banja"]
[Date "2007.09.23"]
[Round "3.6"]
[White "Nikolajevic, Branislav"]
[Black "Milenkovic, Slavisa"]
[Result "1-0"]
[WhiteElo "2165"]
[BlackElo "2179"]
[PlyCount "105"]
[EventDate "2007.09.09"]

1. e4 d6 2. d4 Nf6 3. Nc3 g6 4. Bg5 Bg7 5. e5 dxe5 6. dxe5 Qxd1+ 7. Rxd1 Ng4 8.
h3 Nxf2 9. Kxf2 Bxe5 10. Nd5 f6 11. Bf4 Bxf4 12. Nxf4 c6 13. Bc4 e5 14. Ne6
Bxe6 15. Bxe6 Ke7 16. Bb3 a5 17. a3 Nd7 18. Nf3 a4 19. Ba2 Nc5 20. Rhe1 e4 21.
Nd2 f5 22. Ke3 Rhf8 23. Kd4 Ra5 24. Bc4 Rd8+ 25. Ke3 g5 26. g3 b5 27. Ba2 Raa8
28. Nb1 Kf6 29. Nc3 Ke5 30. Ne2 h5 31. h4 gxh4 32. gxh4 Nd7 33. Nf4 Nb6 34.
Nxh5 Nd5+ 35. Bxd5 cxd5 36. c3 Rg8 37. Rg1 b4 38. Rxg8 Rxg8 39. axb4 Rg4 40.
Rxd5+ Ke6 41. Nf4+ Kf6 42. h5 Rg3+ 43. Kd4 Kg5 44. Ke5 Rf3 45. Rd8 e3 46. Rg8+
Kh6 47. Kxf5 Rf2 48. Re8 Rxb2 49. Re6+ Kg7 50. Rxe3 a3 51. Re7+ Kg8 52. h6 a2
53. h7+ 1-0

[Event "Druga liga CS-Istok 2007"]
[Site "Prolom Banja"]
[Date "2007.09.23"]
[Round "3.6"]
[White "Nikolic, Zeljko"]
[Black "Vojinovic, Jovana"]
[Result "1/2-1/2"]
[WhiteElo "2244"]
[BlackElo "2217"]
[PlyCount "112"]
[EventDate "2007.09.09"]

1. e4 e6 2. d4 d5 3. e5 c5 4. c3 Qb6 5. Nf3 Nc6 6. a3 Bd7 7. Be2 Nh6 8. b4 cxd4
9. cxd4 Nf5 10. Bb2 Be7 11. Ra2 Rc8 12. Ba1 a6 13. O-O h5 14. Rd2 Na7 15. Nc3
Nb5 16. Na4 Qc6 17. Bxb5 Qxb5 18. Nc5 Bc6 19. Qb1 Qb6 20. a4 O-O 21. h3 Be8 22.
a5 Qa7 23. g4 hxg4 24. hxg4 Nh6 25. g5 Nf5 26. g6 b6 27. gxf7+ Kxf7 28. axb6
Qxb6 29. Kg2 Bb5 30. Rh1 Rh8 31. Rdd1 Be2 32. Rde1 Rxh1 33. Rxh1 a5 34. bxa5
Qxa5 35. Qb7 Rc7 36. Qb8 Qa3 37. Nd2 Qa7 38. Qxa7 Rxa7 39. Ndb3 Rc7 40. Bc3 Bc4
41. Ba5 Rc8 42. Ra1 Nxd4 43. Nxd4 Bxc5 44. Bc3 Rb8 45. Ra5 Bb6 46. Ra1 Rb7 47.
Rb1 Ba6 48. Ra1 Bd3 49. Rd1 Be4+ 50. f3 Bf5 51. Nxf5 exf5 52. Rxd5 Rc7 53. Bd2
Bc5 54. f4 Ke6 55. Rd3 Rd7 56. Rxd7 Kxd7 1/2-1/2